000 00504nam a2200145Ia 4500
008 090122s9999 xx 000 0 und d
082 _b5591
_a630
100 _aकोटेचा
_bपी
_cएस
245 _aकाढणी पश्चात तंञज्ञान
600 _aकोटेचा
630 _aकाढणी पश्चात तंञज्ञान
700 _aकोटेचा
730 _aकाढणी पश्चात तंञज्ञान
942 _cBOOK
999 _c29669
_d29669